365 sự thật về cơ thể người

Nội dung quyển sách cung cấp rất nhiều điều thú vị về cơ thể con người như não bộ, hệ thần kinh, hệ xương, hệ cơ, hệ tuần hoàn, hệ hô hấp, hệ tiêu hóa, hệ sinh sản, hệ tiết niệu, hệ nội tiết, hệ vỏ bọc và tâm lý con người....

Celý popis

Uloženo v:
Podrobná bibliografie
Korporativní autor: Om books Ấn Độ
Médium: Kniha
Jazyk:Vietnamese
Vydáno: H. Mỹ thuật 2021
Vydání:Tái bản lần 1
Témata:
Tagy: Přidat tag
Žádné tagy, Buďte první, kdo otaguje tento záznam!
Thư viện lưu trữ: Thư viện Trường Đại học Nam Cần Thơ
LEADER 01295nam a22002057a 4500
001 NCT_4_011218
008 240618b xxu||||| |||| 00| 0 vie d
999 |c 8515  |d 8515 
020 |a 9786043273045  |c 250000 
082 0 4 |2 23rd ed.  |a 612  |b B100T 
245 0 0 |a 365 sự thật về cơ thể người  |c Om books; nhóm sóc xanh (dịch) 
250 |a Tái bản lần 1 
260 |a H.  |b Mỹ thuật  |c 2021 
300 |a 235 tr.  |b Minh họa  |c 27cm 
520 3 |a Nội dung quyển sách cung cấp rất nhiều điều thú vị về cơ thể con người như não bộ, hệ thần kinh, hệ xương, hệ cơ, hệ tuần hoàn, hệ hô hấp, hệ tiêu hóa, hệ sinh sản, hệ tiết niệu, hệ nội tiết, hệ vỏ bọc và tâm lý con người. Biết đâu đấy, chính bạn sẽ khám phá ra một số bí mật kì diệu về cơ thể người thì sao! 
653 |a Tham khảo 
710 1 |a Om books  |b Ấn Độ 
942 |2 ddc  |c BK 
952 |0 0  |1 0  |2 ddc  |4 0  |6 612_000000000000000_B100T  |7 0  |9 29208  |a 000001  |b 000001  |d 2024-06-18  |o 612 B100T  |p TK.04383  |r 2024-06-18  |v 250000.00  |w 2024-06-18  |y BK 
980 |a Thư viện Trường Đại học Nam Cần Thơ